000
00289nam a22001217a 4500
082
_a
621.384 SHE'P
100
_a
SHEINGOLD, ABRAHAM
_9
80486
245
_a
FUNDAMENTAL OF RADIO COMMUNICATION
250
_a
6TH
260
_a
NEWJERSCY
_b
D. VAN NOSTRAND
_c
1951
300
_a
442P
942
_c
BK
999
_c
585410
_d
585410